Should Microfinance Institutions Diversify or Focus? Evidence from Pakistan / (Record no. 533535)

000 -LEADER
fixed length control field 00631nam a22001697a 4500
020 ## - INTERNATIONAL STANDARD BOOK NUMBER
Qualifying information Hard Cover.
100 ## - MAIN ENTRY--PERSONAL NAME
Personal name Mohammad Hassam Afgun
245 ## - TITLE STATEMENT
Title Should Microfinance Institutions Diversify or Focus? Evidence from Pakistan /
Statement of responsibility, etc. Mohammad Hassam Afgun, Ammar Bin Zafar and Arish Batool.
260 ## - PUBLICATION, DISTRIBUTION, ETC.
Place of publication, distribution, etc. Islamabad:
Name of publisher, distributor, etc. S3H - NUST,
Date of publication, distribution, etc. 2019.
300 ## - PHYSICAL DESCRIPTION
Extent 50 p. :
Other physical details ill. ;
Dimensions 30cm.
563 ## - BINDING INFORMATION
Binding note HB
650 ## - SUBJECT ADDED ENTRY--TOPICAL TERM
Topical term or geographic name entry element Economics BS-Project Report.
700 ## - ADDED ENTRY--PERSONAL NAME
Personal name Dr. Ashfaque Hasan Khan
856 ## - Uniform Resource Identifier
Uniform Resource Identifier <a href="http://10.250.8.41:8080/xmlui/handle/123456789/3234">http://10.250.8.41:8080/xmlui/handle/123456789/3234</a>
942 ## - ADDED ENTRY ELEMENTS (KOHA)
Source of classification or shelving scheme
Koha item type Project Report
650 ## - SUBJECT ADDED ENTRY--TOPICAL TERM
-- 27430
700 ## - ADDED ENTRY--PERSONAL NAME
-- 18166
Holdings
Withdrawn status Lost status Source of classification or shelving scheme Damaged status Not for loan Permanent Location Current Location Shelving location Date acquired Full call number Barcode Date last seen Price effective from Koha item type
WITHDRAWN         Central Library (CL) Central Library (CL) Thesis 01/10/2020 330 CL-BP-49 01/10/2020 01/10/2020 Project Report
© 2023 Central Library, National University of Sciences and Technology. All Rights Reserved.